书目信息 |
| 题名: |
城市·建筑的生态图景
|
|
| 作者: | 曹伟编著 | |
| 分册: | ||
| 出版信息: | 北京 中国电力出版社 2006 |
|
| 页数: | ||
| 开本: | 26cm | |
| 丛书名: | ||
| 单 册: | ||
| 中图分类: | X21 | |
| 科图分类: | ||
| 主题词: | 城市建筑-生态环境-研究 | |
| 电子资源: | ||
| ISBN: | 7-5083-4016-7 | |
| 000 | 00734nam0 2200217 45 | |
| 001 | 010477671318 | |
| 005 | 20070607102410.75 | |
| 010 | @a7-5083-4016-7@dCNY30.00 | |
| 100 | @a20060626d2006 ekmy0 y0120 ea | |
| 102 | @aCN@b110000 | |
| 105 | @ay z 000yy | |
| 200 | 1 | @a城市·建筑的生态图景@f曹伟编著 |
| 210 | @a北京@c中国电力出版社@d2006 | |
| 215 | @d26cm | |
| 330 | @a本书从建筑单体到社区、广场、园林、城市森林等城市节点或要素;从土地规划到工业园区规划、能源规划等具体城市规划环节,运用交叉学科的观点试图建立广义生态城市与建筑的框架,并勾勒出一幅崭新的城市建筑生态图景。 | |
| 606 | 1 | @a城市建筑-生态环境-研究 |
| 690 | @aX21@v4 | |
| 701 | 0 | @a曹伟编著 |
| 801 | 0 | @aCN@c20070607 |
| 905 | @dX21@eC153 | |
| 906 | @dCNY30.00@n3@r1 | |
| 城市·建筑的生态图景/曹伟编著.-北京:中国电力出版社,2006 |
| 26cm |
| ISBN 7-5083-4016-7:CNY30.00 |
| 本书从建筑单体到社区、广场、园林、城市森林等城市节点或要素;从土地规划到工业园区规划、能源规划等具体城市规划环节,运用交叉学科的观点试图建立广义生态城市与建筑的框架,并勾勒出一幅崭新的城市建筑生态图景。 |
| ● |
| 相关链接 |
|
|
|
正题名:城市·建筑的生态图景
索取号:X21/C153
 
预约/预借
| 序号 | 登录号 | 条形码 | 馆藏地/架位号 | 状态 | 备注 |
| 1 | 231969 | 202319696 | 自科库501/501自科库 94排2列1层/ [索取号:X21/C153] | 在馆 | |
| 2 | 231970 | 202319703 | 期刊室512/501自科库 94排2列1层/ [索取号:X21/C153] | 在馆 | |
| 3 | 231971 | 202319712 | 自科库501/501自科库 94排2列1层/ [索取号:X21/C153] | 在馆 |